000 01008cam a22003137a 4500
003 CHAP
005 20220329140631.0
008 971013s1986 r 00010 d
010 _a55088
011 _a56060
035 _a60213
040 _cCHAP
090 _aFolleto 11606
100 0 0 _aSilva González, Francisco.
_9106002
245 1 3 _aEl frijol alado
260 _aXalapa, Ver. :
_bInstituto Nacional de Investigaciones sobre Recursos Bióticos,
_c1986
300 _a(3) p.
490 0 _aINIREB Informa. Comunicado
_v; 74
590 _aBATCH-UPD
_b10
_c20130110
_lUCH01
_h0326
590 _aBATCH-UPD
_b10
_c20130110
_lUCH01
_h2053
590 _aBATCH-UPD
_b10
_c20130410
_lUCH01
_h1648
590 _aBATCH-UPD
_b10
_c20130914
_lUCH01
_h1647
590 _aCONVERSION
_b10
_c20130109
_lUCH01
_h1330
650 1 4 _aPsophorcarpus tetragonolobus.
_992632
830 0 _aINIREB Informa. Comunicado
_v; 74
_958804
901 _aBK
942 _cFOLL
949 _aFolleto 11606
_bBC
_cFOLL
_d-129866
_eTS1
_i60213
_si
999 _c55088
_d55088